000 00517nam a2200169Ia 4500
003 OSt
005 20250423120801.0
008 190216s9999||||xx |||||||||||||| ||und||
040 _coclc
082 _a894.8124
_bNAM/N
100 _aNamboodiripad, E M S
_95938
245 0 _aNavodhanavum Malayala Sahithyavum /
_cE M S Namboodiripad
260 _bChintha Publishers,
_aThiruvananthapuram:
_c1990.
300 _a130p
650 _aLekhanam
942 _cBK
_2ddc
_h894.8124
_iNAM/N
_k894.8124
_mNAM/N
999 _c26684
_d26684